Introduction to Magnetism and Magnetic Materials

Enregistré dans:
Détails bibliographiques
Auteur principal: Jiles, David C (Auteur)
Format: Livre
Langue:anglais
Publié: Londres Chapman and Hall 1991
Édition:1a. ed
Sujets:
Tags: Ajouter un tag
Pas de tags, Soyez le premier à ajouter un tag!

MARC

LEADER 00000nam a2200000 a 4500
001 UCH2752
003 CL-VaPUC
008 090624e19910000UK |||||||||||||||||eng|d
020 |a 0412386402 
082 0 4 |a 537  |b JIL  |2 21 
100 |a Jiles, David C  |e author  |9 603283 
245 1 0 |a Introduction to Magnetism and Magnetic Materials 
250 |a 1a. ed 
300 |a 440 p 
942 |c BK 
945 |d 20090624 00:00:00  |a dcastane 
260 |a Londres  |b Chapman and Hall  |c 1991 
650 0 |a Magnetismo  |9 260336 
650 0 |a Electromagnetismo   |9 260123 
650 7 |a CARGA ELECTRICA  |2 CL-VaPUC  |9 360158 
650 7 |a MAGNETISMO DE LOS MATERIALES  |2 CL-VaPUC  |9 537770 
650 7 |a CAMPOS MAGNETICOS  |2 CL-VaPUC  |9 537771 
650 7 |a PROPIEDADES MAGNETICAS  |2 CL-VaPUC  |9 537772 
583 |a last modification  |c 20090624 00:00:00  |k Rodrigo Vera 
999 |c 334451  |d 334449 
952 |0 0  |1 0  |4 0  |6 537_000000000000000_JIL_1991  |7 0  |8 A  |9 423505  |a BIBCUR  |b BIBCUR  |d 2019-11-22  |i 4564928  |o 537 JIL 1991  |p 4564928  |r 2025-04-22  |w 2019-11-22  |y BK  |k FIS